000 00319nam a22001337a 4500
008 170809b xxu||||| |||| 00| 0 eng d
020 _a0139366679
041 _aeng
080 _a004
100 _a35
101 _aSHKI
245 _aUNDERSTANDING AND USING PROGRAMMABLE CONTROLLERS
_cKISSELL, TH.E
942 _2udc
_cBK
999 _c23028
_d23028